| 000 | 00775pam a2200253 a 4500 | ||
|---|---|---|---|
| 008 | |||
| 020 | _a0805356827 (hbk.) | ||
| 049 | _aMAIN | ||
| 090 |
_aQD452 _bLAI |
||
| 100 | 1 | _aLaidler, Keith James | |
| 245 | 1 | 4 |
_aPhysical chemistry / _cKeith J. Laidler and John H. Meiser. |
| 260 |
_aCalifonia : _bThe Benjamin/ Cummings, _c1982. |
||
| 300 |
_axvi, 919 p. : _bill. ; _c24 cm. |
||
| 504 | _aIncludes bibliographical references. | ||
| 500 | _aIncludes index. | ||
| 650 | 0 |
_aChemistry, Physical and theoretical _xHistory. |
|
| 650 | 0 | _aPhysical chemistry | |
| 700 | _aMeiser, John H. | ||
| 907 |
_a.b10353495 _b16-01-15 _c16-01-15 |
||
| 003 | |||
| 005 | 20240903152013.0 | ||
| 040 | _cNUST | ||
| 942 |
_cBOOKS _kQD452 _mLAI _01 |
||
| 999 |
_c128426 _d128426 |
||